The Larger Parish and Group Ministry (Record no. 12190)

MARC details
000 -LEADER
fixed length control field 00556nam a2200217 a 4500
001 - CONTROL NUMBER
control field 0001-2190
003 - CONTROL NUMBER IDENTIFIER
control field ELIB.Books
008 - FIXED-LENGTH DATA ELEMENTS--GENERAL INFORMATION
fixed length control field 190802 2010 eng
020 ## - INTERNATIONAL STANDARD BOOK NUMBER
International Standard Book Number KBTS
092 ## - LOCALLY ASSIGNED DEWEY CALL NUMBER (OCLC)
Classification number 254
Item number Ju
100 ## - MAIN ENTRY--PERSONAL NAME
Personal name Judy, Marvin T.
245 ## - TITLE STATEMENT
Title The Larger Parish and Group Ministry
260 ## - PUBLICATION, DISTRIBUTION, ETC. (IMPRINT)
Place of publication, distribution, etc. Nashville
Name of publisher, distributor, etc. Abingdon Press
Date of publication, distribution, etc. 1959
300 ## - PHYSICAL DESCRIPTION
Extent 175
Dimensions 20cm
650 ## - SUBJECT ADDED ENTRY--TOPICAL TERM
Topical term or geographic name as entry element Church Administration
856 ## - ELECTRONIC LOCATION AND ACCESS
Name of location of host KBTS Library
Uniform Resource Identifier <a href="KBTS Elib">KBTS Elib</a>
942 ## - ADDED ENTRY ELEMENTS (KOHA)
Source of classification or shelving scheme Dewey Decimal Classification
Koha item type Books
990 ## - EQUIVALENCES OR CROSS-REFERENCES [LOCAL, CANADA]
Link information for 9XX fields 1
998 ## - LOCAL CONTROL INFORMATION (RLIN)
-- Englishbooks.elf
Cataloger's initials, CIN (RLIN) cat
-- 2019-08-02
Holdings
Withdrawn status Lost status Source of classification or shelving scheme Damaged status Not for loan Home library Current library Date acquired Total Checkouts Barcode Date last seen Bill Date Koha item type
    Dewey Decimal Classification     Karen Baptist Theological Seminary Library Karen Baptist Theological Seminary Library 02/08/2019   10250 22/01/2022 22/01/2022 Books
Implemented & Customized by: BestBookBuddies

Powered by Koha